Dental Laboratory Procedures, Vol.2 (Record no. 22814)
[ view plain ]
| 000 -LEADER | |
|---|---|
| fixed length control field | 00333nam a22001457a 4500 |
| 003 - CONTROL NUMBER IDENTIFIER | |
| control field | SGT |
| 020 ## - INTERNATIONAL STANDARD BOOK NUMBER | |
| International Standard Book Number | 9788131256091 |
| 082 ## - DEWEY DECIMAL CLASSIFICATION NUMBER | |
| Classification number | 617.92 |
| Item number | D221M |
| 100 ## - MAIN ENTRY--PERSONAL NAME | |
| Personal name | Morrow, Robert M..[et. al.] |
| 245 ## - TITLE STATEMENT | |
| Title | Dental Laboratory Procedures, Vol.2 |
| 250 ## - EDITION STATEMENT | |
| Edition statement | 2nd South Asia |
| 260 ## - PUBLICATION, DISTRIBUTION, ETC. (IMPRINT) | |
| Name of publisher, distributor, etc | Elsevier |
| Year of Publication | 2021 |
| 300 ## - PAGE DESCRIPTION | |
| No. of Pages | 445 |
| 942 ## - ADDED ENTRY ELEMENTS (KOHA) | |
| Source of classification or shelving scheme | Dewey Decimal Classification |
| Koha item type | Books |
| Withdrawn status | Lost status | Source of classification or shelving scheme | Damaged status | Not for loan | Home library | Current library | Shelving location | Date acquired | Vendor Name | Cost, normal purchase price | Volume Information (Serial or Books or Non-Book Material) | SGTU | Bill Number | Total Checkouts | Full call number | Accession No. (Barcode) | Date last seen | Date last borrowed | Bill Date | Koha item type |
|---|---|---|---|---|---|---|---|---|---|---|---|---|---|---|---|---|---|---|---|---|
| Dewey Decimal Classification | Not For Loan | SGT Dental Library | SGT Dental Library | Reference Book | 10/06/2022 | Ahuja Book Co. Pvt. Ltd. | 0.00 | 2 | SGTU | 14353 | 1 | 617.92 D221M | FD8874 | 30/01/2026 | 30/01/2026 | 16/04/2022 | Books |